LEADER 01184nam a2200277 i 4500 001 000000137884 003 CaOOAMICUS 005 20050422000000.0 008 050422s2004 it u000 u ita u 013 $a111742 020 $a88-7357-343-6 040 $aSeMil$bita 100 1 $aCalduch-Benages, Núria,$d<1957- >.$0(OLS)http://semarc/name/35626 245 13$aLa preghiera dei saggi :$bla preghiera nel Pentateuco Sapienziale /$cNúria Calduch-Benages, Johan Yeong Sik Pahk. 260 $aRoma :$bAdP,$c2004. 300 $a162 p. ;$c22 cm. 490 0 $aBibbia e preghiera 500 $aContiene : Bibliografia. 650 4$aBibbia - AT - Preghiera.$0(OLS)http://semarc/subject/27126 700 1 $aPahk, Johan Yeong Sik.$0(OLS)http://semarc/name/55885 830 0$aBibbia e preghiera.$0(OLS)http://semarc/title/10788 850 $aSeMil 852 $aSeMil$W1$xVenegono$y1$m3F II 211$j91404$B91404$CSeMilBibl$Z2$F96637 $81 996 $6020$a88-7357-343-6$9(OLS)http://semarc/number/125725 996 $6245$aLa preghiera dei saggi :$bla preghiera nel Pentateuco Sapienziale$9(OLS)http://semarc/title/201486 996 $6260$aRoma :$bAdP$9(OLS)http://semarc/publisher/32136 LEADER 00912nam a2200241 i 4500 001 000000118112 003 CaOOAMICUS 005 20180529000000.0 008 180529s2008 it u000 u ita u 013 $a90805 020 $a978-88-88287-29-4 040 $aSeMil$bita 245 10$aBeati i poveri /$ca cura di Mariadele Orioli e Fausto Soffiatti. 260 $aMelara (RO) :$bParva,$c2008. 300 $a126 p. ;$c21 cm. 700 1 $aSoffiatti, Fausto.$0(OLS)http://semarc/name/93098 700 1 $aOrioli, Mariadele.$0(OLS)http://semarc/name/93097 850 $aSeMil 852 $aSeMil$W1$xVenegono$y1$m3F II 918$j73434$B73434$CSeMilBibl$Z2$F76365 $81 961 $aOmaggio: Delpini mons. Mario 996 $6020$a978-88-88287-29-4$9(OLS)http://semarc/number/273375 996 $6245$aBeati i poveri$9(OLS)http://semarc/title/48255 996 $6260$aMelara (RO) :$bParva$9(OLS)http://semarc/publisher/55977